000 00685nam a2200193 i 4500
001 150837
003 ES-MaACL
005 20230906203724.0
007 t|
008 071114q19301939sp ||||1| spa d
100 1 _aBotella, Miguel.
_930749
245 1 0 _aDatos mas salientes registrados en el Observatorio Meteorológico de Santa Cruz de Tenerife /
_cpor Miguel Botella.
260 _aTenerife :
_b[s.n.,
_c193-?] (
_fImp. Angel Romero)
300 _a8 h. ;
_c22 cm.
490 1 _aPublicaciones de la Sección Insular de Fomento y Turismo
830 0 _aPublicaciones de la Sección Insular de Fomento y Turismo
_9221175
852 _aES-MaACL
_j1809-F-9
999 _c150837
_d150837